| 000 | 00479cam a2200193ua 4500 | ||
|---|---|---|---|
| 020 | _c40.00 | ||
| 041 |
_aeng _h |
||
| 082 |
_a631.1 _bMIC/PR |
||
| 100 | _aMichael, A.M . | ||
| 245 |
_aPrinciples of agricultural engineering, Vol 2 / _cA.M.Michael. _hTextual Documents |
||
| 250 |
_a1 / _b. |
||
| 260 |
_aNew Delhi : _bJain Brothers , _c1981. |
||
| 300 | _a655 ; . | ||
| 365 | _a40.00 | ||
| 504 | _a | ||
| 700 | 1 | _aOjha, T.P . | |
| 942 | _cBK | ||
| 999 |
_c1649 _d1649 |
||